Les peintures les plus chères - Statistiques

Statistiques générales
  • Ce quiz a été pris 29 fois
  • Le résultat moyen est 1 sur 10
Statistiques - réponses
Numéro Réponses % Correct
2 Salvator Mundi
76%
1 L'origine du Monde
32%
7 Les Femmes d'Alger
12%
8 Nu couché
8%
5 Les Joueurs de cartes
4%
9 Woman 3
4%
4 Interchange
0%
10 Le Rêve
0%
3 Quand te maris-tu ?
0%
6 Shot Sage Blue Marilyn
0%
Aucun quiz correspondant
Distribution des résultats
% des personnes avec chaque résultat
Percentile par nombre de réponses
Votre historique - résultats
Vous n’avez pas pris ce quiz